000 00495 a2200169 4500
003 OSt
005 20250610134419.0
008 250528b |||||||| |||| 00| 0 eng d
020 _a9788175994362
040 _coclc
082 _a822.912
_bSHA/P
100 1 _aShaw, Bernard,
_d1856-1950.
_94899
245 _aPygmalion /
_cGeorge Bernard Shaw
260 _aIndia:
_b Prakash Book Depot ,
_c2017.
300 _a148 pages
942 _2ddc
_cBK
_h822.912
_iSHA/P
_k822.912
_mSHA/P
999 _c44577
_d44577